| 000 | 00446nam a22001937a 4500 | ||
|---|---|---|---|
| 003 | OSt | ||
| 005 | 20180116183057.0 | ||
| 008 | 161024b xxu||||| |||| 00| 0 eng d | ||
| 020 | _a0140104380 | ||
| 040 | _c0 | ||
| 082 | _a813.54 MUK 1989 | ||
| 100 | _aMukherjee,Bharati | ||
| 245 |
_aJasmine _cBharati Mukherjee |
||
| 260 |
_aIndia _bPenguin Book _c1989 |
||
| 300 |
_a241p. _bPB. |
||
| 440 | _aJasmine | ||
| 500 | _aPB. | ||
| 942 |
_2ddc _cBK |
||
| 999 |
_c351866 _d351866 |
||